000
00342nam a2200145Ia 4500
008
230718s9999 xx 000 0 und d
041
_a
Eng.
082
_a
343.5
_b
SHA-T
100
_a
Shah,Syed,Naeem Amjad
245
4
_a
The contract act 1872
260
_a
Pakistan
_b
Punjab law book
_c
2013
300
_a
5238
650
_a
Law
999
_c
30207
_d
30207